{"text_format":"1","workbook":"xlsx","n_sheets":2,"sheets":["Данные","Лист1"],"not_rendered":{"charts":0,"images":0,"macros":1,"external_links":0,"defined_names":4,"comments":0,"pivot_tables":0},"unopened":[],"bounds":{"document_bytes":16777216,"sheet_cells":100000,"rows_first":2000,"rows_last":500,"rows_between":2000,"halvings":0,"cell_chars":16384,"cell_head_chars":4096},"cells_cut":0,"cells_raw":0,"read":"whole","date_system":"1900"}

{"sheet":"Данные","index":0,"n_rows":130,"n_cols":10,"rows_kept":130,"cut":false,"hidden":false,"merged":[[1,0,1,9]]}
[null,null,null,null,null,null,null,null,"Приложение №1"]
["Перечень актуальных и готовых к реализации невостребованных МТР"]
[]
["Наименование лота","Наименование ОГ","№ лота","№ позиции","Наименование неликвидных (НЛ) и невостребованных ликвидных (НВЛ) материалов","Ед. изм","Количество","Мин. цена реализации за ед., руб., без НДС ","Сумма, руб. без НДС","Место нахождения"]
["Арматура","ПАО АНК \"Башнефть\" \"Башнефть-Новойл\"",1,1,"Арматура 12 - А-I ст3сп","Т",3.0000000000000001E-3,18818.099999999999,{"$f":"G5*H5","v":56.454299999999996},"450045, г. Уфа, ПАО АНК \"Башнефть\" \"Башнефть-Новойл\""]
["Арматура","ПАО АНК \"Башнефть\" \"Башнефть-Новойл\"",1,2,"Арматура 16 - А-I ст3пс","Т",0.124,18385.5,2279.8020000000001,"450045, г. Уфа, ПАО АНК \"Башнефть\" \"Башнефть-Новойл\""]
["Арматура","ПАО АНК \"Башнефть\" \"Башнефть-Новойл\"",1,3,"Арматура 12 - А-I ст3сп","Т",0.01,18818.099999999999,188.18099999999998,"450045, г. Уфа, ПАО АНК \"Башнефть\" \"Башнефть-Новойл\""]
["Арматура","ПАО АНК \"Башнефть\" \"Башнефть-Новойл\"",1,4,"Арматура 12 - А-I ст3сп","Т",7.0000000000000001E-3,18818.099999999999,131.72669999999999,"450045, г. Уфа, ПАО АНК \"Башнефть\" \"Башнефть-Новойл\""]
["Арматура","ПАО АНК \"Башнефть\" \"Башнефть-Новойл\"",1,5,"Арматура 12 - А-I ст3сп","Т",0.03,18818.099999999999,564.54299999999989,"450045, г. Уфа, ПАО АНК \"Башнефть\" \"Башнефть-Новойл\""]
["Арматура","ПАО АНК \"Башнефть\" \"Башнефть-Новойл\"",1,6,"Арматура 12 - А-I ст3сп","Т",0.06,18818.099999999999,1129.0859999999998,"450045, г. Уфа, ПАО АНК \"Башнефть\" \"Башнефть-Новойл\""]
["Арматура","ПАО АНК \"Башнефть\" \"Башнефть-Новойл\"",1,7,"Арматура 12 - А-I ст3сп","Т",0.01,18818.099999999999,188.18099999999998,"450045, г. Уфа, ПАО АНК \"Башнефть\" \"Башнефть-Новойл\""]
["Арматура","ПАО АНК \"Башнефть\" \"Башнефть-Новойл\"",1,8,"Арматура 12 - А-I ст3сп","Т",0.29499999999999998,18818.099999999999,5551.3394999999991,"450045, г. Уфа, ПАО АНК \"Башнефть\" \"Башнефть-Новойл\""]
["Арматура","ПАО АНК \"Башнефть\" \"Башнефть-Новойл\"",1,9,"Арматура 12 - А-I ст3сп","Т",4.4999999999999998E-2,18818.099999999999,846.81449999999995,"450045, г. Уфа, ПАО АНК \"Башнефть\" \"Башнефть-Новойл\""]
["Арматура","ПАО АНК \"Башнефть\" \"Башнефть-Новойл\"",1,10,"Арматура 12 - А-III ст25Г2С","Т",5.0999999999999997E-2,16222.92,827.36892,"450045, г. Уфа, ПАО АНК \"Башнефть\" \"Башнефть-Новойл\""]
["Арматура","ПАО АНК \"Башнефть\" \"Башнефть-Новойл\"",1,11,"Арматура 12 - А-III ст25Г2С","Т",0.54,16222.92,8760.3768,"450045, г. Уфа, ПАО АНК \"Башнефть\" \"Башнефть-Новойл\""]
["Арматура","ПАО АНК \"Башнефть\" \"Башнефть-Новойл\"",1,12,"Арматура 12 - А-III ст25Г2С","Т",0.19400000000000001,16222.92,3147.2464800000002,"450045, г. Уфа, ПАО АНК \"Башнефть\" \"Башнефть-Новойл\""]
["Арматура","ПАО АНК \"Башнефть\" \"Башнефть-Новойл\"",1,13,"Арматура 12 - А-III ст25Г2С","Т",0.14299999999999999,16222.92,2319.8775599999999,"450045, г. Уфа, ПАО АНК \"Башнефть\" \"Башнефть-Новойл\""]
["Арматура","ПАО АНК \"Башнефть\" \"Башнефть-Новойл\"",1,14,"Арматура 12 - А-III ст25Г2С","Т",0.108,16222.92,1752.07536,"450045, г. Уфа, ПАО АНК \"Башнефть\" \"Башнефть-Новойл\""]
["Арматура","ПАО АНК \"Башнефть\" \"Башнефть-Новойл\"",1,15,"Арматура 12 - А-III ст25Г2С","Т",2.6480000000000001,16222.92,42958.292160000005,"450045, г. Уфа, ПАО АНК \"Башнефть\" \"Башнефть-Новойл\""]
["Арматура","ПАО АНК \"Башнефть\" \"Башнефть-Новойл\"",1,16,"Арматура 12 - А-III ст25Г2С","Т",1.9E-2,16222.92,308.23548,"450045, г. Уфа, ПАО АНК \"Башнефть\" \"Башнефть-Новойл\""]
["Арматура","ПАО АНК \"Башнефть\" \"Башнефть-Новойл\"",1,17,"Арматура 20 - А-III ст35ГС","Т",0.14499999999999999,20306.16,2944.3932,"450045, г. Уфа, ПАО АНК \"Башнефть\" \"Башнефть-Новойл\""]
["Арматура","ПАО АНК \"Башнефть\" \"Башнефть-Новойл\"",1,18,"Арматура 20 - А-III ст35ГС","Т",1.7010000000000001,20306.16,34540.778160000002,"450045, г. Уфа, ПАО АНК \"Башнефть\" \"Башнефть-Новойл\""]
["Арматура","ПАО АНК \"Башнефть\" \"Башнефть-Новойл\"",1,19,"Арматура 22 - А-III ст25Г2С","Т",0.39,19034.400000000001,7423.4160000000011,"450045, г. Уфа, ПАО АНК \"Башнефть\" \"Башнефть-Новойл\""]
["Арматура","ПАО АНК \"Башнефть\" \"Башнефть-Новойл\"",1,20,"Арматура 22 - А-III ст25Г2С","Т",4.5650000000000004,19034.400000000001,86892.036000000007,"450045, г. Уфа, ПАО АНК \"Башнефть\" \"Башнефть-Новойл\""]
["Арматура","ПАО АНК \"Башнефть\" \"Башнефть-Новойл\"",1,21,"Арматура 22 - А-III ст25Г2С","Т",19.28,19034.400000000001,366983.23200000008,"450045, г. Уфа, ПАО АНК \"Башнефть\" \"Башнефть-Новойл\""]
["Арматура","ПАО АНК \"Башнефть\" \"Башнефть-Новойл\"",1,22,"Арматура 22 - А-III ст25Г2С","Т",0.871,19034.400000000001,16578.9624,"450045, г. Уфа, ПАО АНК \"Башнефть\" \"Башнефть-Новойл\""]
["Арматура","ПАО АНК \"Башнефть\" \"Башнефть-Новойл\"",1,23,"Арматура 32 - А-III ст25Г2С","Т",2,18515.28,37030.559999999998,"450045, г. Уфа, ПАО АНК \"Башнефть\" \"Башнефть-Новойл\""]
["Арматура","ПАО АНК \"Башнефть\" \"Башнефть-Новойл\"",1,24,"Арматура 32 - А-III ст25Г2С","Т",2.3959999999999999,18515.28,44362.610879999993,"450045, г. Уфа, ПАО АНК \"Башнефть\" \"Башнефть-Новойл\""]
["Арматура","ПАО АНК \"Башнефть\" \"Башнефть-Новойл\"",1,25,"Арматура 36 - А-III ст25Г2С","Т",4.08,18515.28,75542.342399999994,"450045, г. Уфа, ПАО АНК \"Башнефть\" \"Башнефть-Новойл\""]
["Арматура","ПАО АНК \"Башнефть\" \"Башнефть-Новойл\"",1,26,"Арматура 36 - А-III ст25Г2С","Т",1.06,18515.28,19626.196800000002,"450045, г. Уфа, ПАО АНК \"Башнефть\" \"Башнефть-Новойл\""]
["Арматура","ПАО АНК \"Башнефть\" \"Башнефть-Новойл\"",1,27,"Арматура 36 - А-III ст35ГС","Т",0.17799999999999999,18385.5,3272.6189999999997,"450045, г. Уфа, ПАО АНК \"Башнефть\" \"Башнефть-Новойл\""]
["Арматура","ПАО АНК \"Башнефть\" \"Башнефть-Новойл\"",1,28,"Арматура 36 - А-III ст35ГС","Т",9.5000000000000001E-2,18385.5,1746.6224999999999,"450045, г. Уфа, ПАО АНК \"Башнефть\" \"Башнефть-Новойл\""]
["Балки","ПАО АНК \"Башнефть\" \"Башнефть-Новойл\"",2,29,"Балка двутавровая №30Б1 Ст3сп5","Т",0.09,23100,2079,"450045, г. Уфа, ПАО АНК \"Башнефть\" \"Башнефть-Новойл\""]
["Балки","ПАО АНК \"Башнефть\" \"Башнефть-Новойл\"",2,30,"Балка двутавровая №36М ст3сп","Т",3.097,23100,71540.7,"450045, г. Уфа, ПАО АНК \"Башнефть\" \"Башнефть-Новойл\""]
["Балки","ПАО АНК \"Башнефть\" \"Башнефть-Новойл\"",2,31,"Балка двутавровая №40Б1 С255","Т",3.0259999999999998,24990,75619.739999999991,"450045, г. Уфа, ПАО АНК \"Башнефть\" \"Башнефть-Новойл\""]
["Балки","ПАО АНК \"Башнефть\" \"Башнефть-Новойл\"",2,32,"Балка двутавровая №40К5 С345-1","Т",8.7240000000000002,24024,209585.37600000002,"450045, г. Уфа, ПАО АНК \"Башнефть\" \"Башнефть-Новойл\""]
["Балки","ПАО АНК \"Башнефть\" \"Башнефть-Новойл\"",2,33,"Балка двутавровая №30Б1 С245","Т",0.27200000000000002,24990,6797.2800000000007,"450045, г. Уфа, ПАО АНК \"Башнефть\" \"Башнефть-Новойл\""]
["Балки","ПАО АНК \"Башнефть\" \"Башнефть-Новойл\"",2,34,"Балка двутавровая №30Б1 Ст3пс5","Т",0.39500000000000002,23100,9124.5,"450045, г. Уфа, ПАО АНК \"Башнефть\" \"Башнефть-Новойл\""]
["Балки","ПАО АНК \"Башнефть\" \"Башнефть-Новойл\"",2,35,"Балка двутавровая №30Б1 Ст3сп5","Т",0.13300000000000001,23100,3072.3,"450045, г. Уфа, ПАО АНК \"Башнефть\" \"Башнефть-Новойл\""]
["Балки","ПАО АНК \"Башнефть\" \"Башнефть-Новойл\"",2,36,"Балка двутавровая №30К1 С255","Т",0.35,23570.400000000001,8249.64,"450045, г. Уфа, ПАО АНК \"Башнефть\" \"Башнефть-Новойл\""]
["Балки","ПАО АНК \"Башнефть\" \"Башнефть-Новойл\"",2,37,"Балка двутавровая №30К1 С255","Т",0.69399999999999995,23570.400000000001,16357.857599999999,"450045, г. Уфа, ПАО АНК \"Башнефть\" \"Башнефть-Новойл\""]
["Балки","ПАО АНК \"Башнефть\" \"Башнефть-Новойл\"",2,38,"Балка двутавровая №30К2 С255","Т",1.1359999999999999,23570.400000000001,26775.974399999999,"450045, г. Уфа, ПАО АНК \"Башнефть\" \"Башнефть-Новойл\""]
["Балки","ПАО АНК \"Башнефть\" \"Башнефть-Новойл\"",2,39,"Балка двутавровая №30Ш1 С255","Т",5.7000000000000002E-2,24616.2,1403.1234000000002,"450045, г. Уфа, ПАО АНК \"Башнефть\" \"Башнефть-Новойл\""]
["Балки","ПАО АНК \"Башнефть\" \"Башнефть-Новойл\"",2,40,"Балка двутавровая №30Ш2 Ст3сп5","Т",0.82499999999999996,23100,19057.5,"450045, г. Уфа, ПАО АНК \"Башнефть\" \"Башнефть-Новойл\""]
["Балки","ПАО АНК \"Башнефть\" \"Башнефть-Новойл\"",2,41,"Балка двутавровая №36 С255","Т",0.6,24966.94,14980.163999999999,"450045, г. Уфа, ПАО АНК \"Башнефть\" \"Башнефть-Новойл\""]
["Балки","ПАО АНК \"Башнефть\" \"Башнефть-Новойл\"",2,42,"Балка двутавровая №36М ст3сп","Т",2.04,23100,47124,"450045, г. Уфа, ПАО АНК \"Башнефть\" \"Башнефть-Новойл\""]
["Балки","ПАО АНК \"Башнефть\" \"Башнефть-Новойл\"",2,43,"Балка двутавровая №40Б1 С255","Т",0.08,24990,1999.2,"450045, г. Уфа, ПАО АНК \"Башнефть\" \"Башнефть-Новойл\""]
["Балки","ПАО АНК \"Башнефть\" \"Башнефть-Новойл\"",2,44,"Балка двутавровая №40Б1 С255","Т",0.68200000000000005,24990,17043.18,"450045, г. Уфа, ПАО АНК \"Башнефть\" \"Башнефть-Новойл\""]
["Балки","ПАО АНК \"Башнефть\" \"Башнефть-Новойл\"",2,45,"Балка двутавровая №40Б2 Ст3сп5","Т",5.5869999999999997,26094.6,145790.53019999998,"450045, г. Уфа, ПАО АНК \"Башнефть\" \"Башнефть-Новойл\""]
["Балки","ПАО АНК \"Башнефть\" \"Башнефть-Новойл\"",2,46,"Балка двутавровая №40К2 ст09Г2С","Т",2.895,24990,72346.05,"450045, г. Уфа, ПАО АНК \"Башнефть\" \"Башнефть-Новойл\""]
["Балки","ПАО АНК \"Башнефть\" \"Башнефть-Новойл\"",2,47,"Балка двутавровая №40К5 С345-1","Т",37.573999999999998,24024,902677.77599999995,"450045, г. Уфа, ПАО АНК \"Башнефть\" \"Башнефть-Новойл\""]
["Балки","ПАО АНК \"Башнефть\" \"Башнефть-Новойл\"",2,48,"Балка двутавровая №40Ш1 С255-ГК","Т",3.1669999999999998,24990,79143.33,"450045, г. Уфа, ПАО АНК \"Башнефть\" \"Башнефть-Новойл\""]
["Балки","ПАО АНК \"Башнефть\" \"Башнефть-Новойл\"",2,49,"Балка двутавровая №40Ш1 ст3сп5","Т",3.19,25666.2,81875.178,"450045, г. Уфа, ПАО АНК \"Башнефть\" \"Башнефть-Новойл\""]
["Балки","ПАО АНК \"Башнефть\" \"Башнефть-Новойл\"",2,50,"Балка двутавровая №40Ш1 ст3сп5","Т",16.510999999999999,25666.2,423774.62819999998,"450045, г. Уфа, ПАО АНК \"Башнефть\" \"Башнефть-Новойл\""]
["Балки","ПАО АНК \"Башнефть\" \"Башнефть-Новойл\"",2,51,"Балка двутавровая №50Ш1 С255","Т",0.80600000000000005,24990,20141.940000000002,"450045, г. Уфа, ПАО АНК \"Башнефть\" \"Башнефть-Новойл\""]
["Балки","ПАО АНК \"Башнефть\" \"Башнефть-Новойл\"",2,52,"Балка двутавровая №50Ш2 С345-3","Т",9.7899999999999991,24990,244652.09999999998,"450045, г. Уфа, ПАО АНК \"Башнефть\" \"Башнефть-Новойл\""]
["Балки","ПАО АНК \"Башнефть\" \"Башнефть-Новойл\"",2,53,"Балка двутавровая №50Ш4 С345","Т",6.077,24024,145993.848,"450045, г. Уфа, ПАО АНК \"Башнефть\" \"Башнефть-Новойл\""]
["Балки","ПАО АНК \"Башнефть\" \"Башнефть-Новойл\"",2,54,"Балка двутавровая №50Ш4 С345","Т",15.156000000000001,24024,364107.74400000001,"450045, г. Уфа, ПАО АНК \"Башнефть\" \"Башнефть-Новойл\""]
["Балки","ПАО АНК \"Башнефть\" \"Башнефть-Новойл\"",2,55,"Балка двутавровая №50Ш4 С345","Т",20.802,24024,499747.24799999996,"450045, г. Уфа, ПАО АНК \"Башнефть\" \"Башнефть-Новойл\""]
["Балки","ПАО АНК \"Башнефть\" \"Башнефть-Новойл\"",2,56,"Балка двутавровая №50Ш4 С345","Т",24.975000000000001,24024,599999.4,"450045, г. Уфа, ПАО АНК \"Башнефть\" \"Башнефть-Новойл\""]
["Двутавр","ПАО АНК \"Башнефть\" \"Башнефть-Новойл\"",3,57,"Двутавр сварной 60Ш3 м12000 Ст3сп5","КГ",21276,20.62,438711.12,"450045, г. Уфа, ПАО АНК \"Башнефть\" \"Башнефть-Новойл\""]
["Двутавр","ПАО АНК \"Башнефть\" \"Башнефть-Новойл\"",3,58,"Двутавр сварной 60Ш3 м12000 Ст3сп5","КГ",21276,20.62,438711.12,"450045, г. Уфа, ПАО АНК \"Башнефть\" \"Башнефть-Новойл\""]
["Двутавр","ПАО АНК \"Башнефть\" \"Башнефть-Новойл\"",3,59,"Двутавр сварной 60Ш3 м12000 Ст3сп5","КГ",21276,20.62,438711.12,"450045, г. Уфа, ПАО АНК \"Башнефть\" \"Башнефть-Новойл\""]
["Двутавр","ПАО АНК \"Башнефть\" \"Башнефть-Новойл\"",3,60,"Двутавр сварной 60Ш3 м12000 Ст3сп5","КГ",21276,20.62,438711.12,"450045, г. Уфа, ПАО АНК \"Башнефть\" \"Башнефть-Новойл\""]
["Двутавр","ПАО АНК \"Башнефть\" \"Башнефть-Новойл\"",3,61,"Двутавр сварной 60Ш3 м12000 Ст3сп5","КГ",21276,20.62,438711.12,"450045, г. Уфа, ПАО АНК \"Башнефть\" \"Башнефть-Новойл\""]
["Двутавр","ПАО АНК \"Башнефть\" \"Башнефть-Новойл\"",3,62,"Двутавр сварной 70Ш5 м6100 09Г2С12","КГ",8842,19.55,172861.1,"450045, г. Уфа, ПАО АНК \"Башнефть\" \"Башнефть-Новойл\""]
["Двутавр","ПАО АНК \"Башнефть\" \"Башнефть-Новойл\"",3,63,"Двутавр 09Г2С12","КГ",403,20.23,8152.6900000000005,"450045, г. Уфа, ПАО АНК \"Башнефть\" \"Башнефть-Новойл\""]
["Двутавр","ПАО АНК \"Башнефть\" \"Башнефть-Новойл\"",3,64,"Двутавр 36М 09Г2С12","КГ",195,20.92,4079.4000000000005,"450045, г. Уфа, ПАО АНК \"Башнефть\" \"Башнефть-Новойл\""]
["Двутавр","ПАО АНК \"Башнефть\" \"Башнефть-Новойл\"",3,65,"Двутавр 60Ш3 09Г2С12","КГ",31284,20.62,{"$f":"G69*H69","v":645076.08000000007},"450045, г. Уфа, ПАО АНК \"Башнефть\" \"Башнефть-Новойл\""]
["Двутавр","ПАО АНК \"Башнефть\" \"Башнефть-Новойл\"",3,66,"Двутавр сварной 60Ш3 м12000 Ст3сп5","КГ",14184,20.62,292474.08,"450045, г. Уфа, ПАО АНК \"Башнефть\" \"Башнефть-Новойл\""]
["Двутавр","ПАО АНК \"Башнефть\" \"Башнефть-Новойл\"",3,67,"Двутавр сварной 60Ш3 м12000 Ст3сп5","КГ",21276,20.62,438711.12,"450045, г. Уфа, ПАО АНК \"Башнефть\" \"Башнефть-Новойл\""]
["Двутавр","ПАО АНК \"Башнефть\" \"Башнефть-Новойл\"",3,68,"Двутавр сварной 60Ш3 м12000 Ст3сп5","КГ",21276,20.62,438711.12,"450045, г. Уфа, ПАО АНК \"Башнефть\" \"Башнефть-Новойл\""]
["Двутавр","ПАО АНК \"Башнефть\" \"Башнефть-Новойл\"",3,69,"Двутавр сварной 60Ш4 м12000 09Г2С12","КГ",677,20.62,13959.74,"450045, г. Уфа, ПАО АНК \"Башнефть\" \"Башнефть-Новойл\""]
["Двутавр","ПАО АНК \"Башнефть\" \"Башнефть-Новойл\"",3,70,"Двутавр сварной 60Ш4 м12000 09Г2С12","КГ",7570,20.62,156093.4,"450045, г. Уфа, ПАО АНК \"Башнефть\" \"Башнефть-Новойл\""]
["Двутавр","ПАО АНК \"Башнефть\" \"Башнефть-Новойл\"",3,71,"Двутавр сварной 70Б2 м12000 С255","КГ",1880,19.28,36246.400000000001,"450045, г. Уфа, ПАО АНК \"Башнефть\" \"Башнефть-Новойл\""]
["Двутавр","ПАО АНК \"Башнефть\" \"Башнефть-Новойл\"",3,72,"Двутавр сварной 70Ш5 м6100 09Г2С12","КГ",2114,19.55,41328.700000000004,"450045, г. Уфа, ПАО АНК \"Башнефть\" \"Башнефть-Новойл\""]
["Двутавр","ПАО АНК \"Башнефть\" \"Башнефть-Новойл\"",3,73,"Двутавр стальной г/к 30К2 Ст3сп5","Т",3.2320000000000002,22318.799999999999,72134.361600000004,"450045, г. Уфа, ПАО АНК \"Башнефть\" \"Башнефть-Новойл\""]
["Двутавр","ПАО АНК \"Башнефть\" \"Башнефть-Новойл\"",3,74,"Двутавр стальной г/к 50Ш2 09Г2С12","Т",6.7,21123.9,141530.13,"450045, г. Уфа, ПАО АНК \"Башнефть\" \"Башнефть-Новойл\""]
["Двутавр","ПАО АНК \"Башнефть\" \"Башнефть-Новойл\"",3,75,"Двутавр стальной г/к 50Ш2 09Г2С12","Т",1.671,21123.9,35298.036900000006,"450045, г. Уфа, ПАО АНК \"Башнефть\" \"Башнефть-Новойл\""]
["Двутавр","ПАО АНК \"Башнефть\" \"Башнефть-Новойл\"",3,76,"Двутавр стальной г/к 50Ш3 09Г2С12","Т",1.8420000000000001,21123.9,38910.223800000007,"450045, г. Уфа, ПАО АНК \"Башнефть\" \"Башнефть-Новойл\""]
["Двутавр","ПАО АНК \"Башнефть\" \"Башнефть-Новойл\"",3,77,"Двутавр стальной г/к 50Ш3 09Г2С12","Т",3.774,21123.9,79721.598600000012,"450045, г. Уфа, ПАО АНК \"Башнефть\" \"Башнефть-Новойл\""]
["Двутавр","ПАО АНК \"Башнефть\" \"Башнефть-Новойл\"",3,78,"Двутавр стальной г/к 55Б1 Ст3сп5","Т",4.1870000000000003,21961.8,91954.056599999996,"450045, г. Уфа, ПАО АНК \"Башнефть\" \"Башнефть-Новойл\""]
["Двутавр","ПАО АНК \"Башнефть\" \"Башнефть-Новойл\"",3,79,"Двутавр стальной г/к 55Б1 Ст3сп5","Т",4.2679999999999998,21961.8,93732.962399999989,"450045, г. Уфа, ПАО АНК \"Башнефть\" \"Башнефть-Новойл\""]
["Двутавр","ПАО АНК \"Башнефть\" \"Башнефть-Новойл\"",3,80,"Двутавр стальной г/к 55Б2 Ст3сп5","Т",5.992,21961.8,131595.10560000001,"450045, г. Уфа, ПАО АНК \"Башнефть\" \"Башнефть-Новойл\""]
["Двутавр","ПАО АНК \"Башнефть\" \"Башнефть-Новойл\"",3,81,"Двутавр стальной г/к 70Ш3 09Г2С12","Т",2.7360000000000002,19551,53491.536000000007,"450045, г. Уфа, ПАО АНК \"Башнефть\" \"Башнефть-Новойл\""]
["Рельсы","ПАО АНК \"Башнефть\" \"Башнефть-Новойл\"",4,82,"Рельс КР70-А","Т",0.86299999999999999,48881.99,42185.157370000001,"450045, г. Уфа, ПАО АНК \"Башнефть\" \"Башнефть-Новойл\""]
["Рельсы","ПАО АНК \"Башнефть\" \"Башнефть-Новойл\"",4,83,"Рельс Р24","Т",0.58799999999999997,50903.02,29930.975759999998,"450045, г. Уфа, ПАО АНК \"Башнефть\" \"Башнефть-Новойл\""]
["Рельсы","ПАО АНК \"Башнефть\" \"Башнефть-Новойл\"",4,84,"Рельс Р43","Т",0.56000000000000005,25620,14347.2,"450045, г. Уфа, ПАО АНК \"Башнефть\" \"Башнефть-Новойл\""]
["Рельсы","ПАО АНК \"Башнефть\" \"Башнефть-Новойл\"",4,85,"Рельс Р65-Т1-К76Ф-25-3/2","Т",1.494,34322.26,51277.456440000002,"450045, г. Уфа, ПАО АНК \"Башнефть\" \"Башнефть-Новойл\""]
["Рельсы","ПАО АНК \"Башнефть\" \"Башнефть-Новойл\"",4,86,"Рельс Р65-Т1-К76Ф-25-3/2","Т",3.2440000000000002,34322.26,111341.41144000001,"450045, г. Уфа, ПАО АНК \"Башнефть\" \"Башнефть-Новойл\""]
["Трубы","ПАО АНК \"Башнефть\" \"Башнефть-Новойл\"",5,87,"Сталь ОЦ Б-О-0,7х1250/08кп3 ОН-МТ-2","Т",8.5000000000000006E-2,37025.57,3147.1734500000002,"450045, г. Уфа, ПАО АНК \"Башнефть\" \"Башнефть-Новойл\""]
["Трубы","ПАО АНК \"Башнефть\" \"Башнефть-Новойл\"",5,88,"Труба 18х3.5 09Г2С ГОСТ 8734","ПМ",109.5,183.96,20143.620000000003,"450045, г. Уфа, ПАО АНК \"Башнефть\" \"Башнефть-Новойл\""]
["Трубы","ПАО АНК \"Башнефть\" \"Башнефть-Новойл\"",5,89,"Труба 26\"х17.48 Ст20 ASTM A333","ПМ",1.345,13600.79,18293.062550000002,"450045, г. Уфа, ПАО АНК \"Башнефть\" \"Башнефть-Новойл\""]
["Трубы","ПАО АНК \"Башнефть\" \"Башнефть-Новойл\"",5,90,"Труба АД1.Н.КР 130Х3","КГ",674,273.91000000000003,184615.34000000003,"450045, г. Уфа, ПАО АНК \"Башнефть\" \"Башнефть-Новойл\""]
["Трубы","ПАО АНК \"Башнефть\" \"Башнефть-Новойл\"",5,91,"Труба алюмин. АМц 150х5 м6000 ГОСТ 18475","КГ",586,53.09,31110.74,"450045, г. Уфа, ПАО АНК \"Башнефть\" \"Башнефть-Новойл\""]
["Трубы","ПАО АНК \"Башнефть\" \"Башнефть-Новойл\"",5,92,"Труба б/ш х/д к/ст 159Х6-12Х18Н10Т","Т",0.03,267960,8038.7999999999993,"450045, г. Уфа, ПАО АНК \"Башнефть\" \"Башнефть-Новойл\""]
["Трубы","ПАО АНК \"Башнефть\" \"Башнефть-Новойл\"",5,93,"Труба 18х2.5 12Х18Н10Т ГОСТ 9941","ПМ",117.01,249.9,29240.799000000003,"450045, г. Уфа, ПАО АНК \"Башнефть\" \"Башнефть-Новойл\""]
["Прочий металлопрокат","ПАО АНК \"Башнефть\" \"Башнефть-Новойл\"",6,94,"Лента 0.7х20 ОЦ 08пс","КГ",29,57.53,1668.3700000000001,"450045, г. Уфа, ПАО АНК \"Башнефть\" \"Башнефть-Новойл\""]
["Прочий металлопрокат","ПАО АНК \"Башнефть\" \"Башнефть-Новойл\"",6,95,"Круг г/катаный 130 - ст45","Т",0.63,2586.64,1629.5832,"450045, г. Уфа, ПАО АНК \"Башнефть\" \"Башнефть-Новойл\""]
["Прочий металлопрокат","ПАО АНК \"Башнефть\" \"Башнефть-Новойл\"",6,96,"Круг г/катаный 130 - ст45","Т",0.09,2586.64,232.79759999999999,"450045, г. Уфа, ПАО АНК \"Башнефть\" \"Башнефть-Новойл\""]
["Прочий металлопрокат","ПАО АНК \"Башнефть\" \"Башнефть-Новойл\"",6,97,"Лента 0.7х20 ОЦ 08пс","КГ",843.44,57.53,48523.103200000005,"450045, г. Уфа, ПАО АНК \"Башнефть\" \"Башнефть-Новойл\""]
["Прочий металлопрокат","ПАО АНК \"Башнефть\" \"Башнефть-Новойл\"",6,98,"Лист х/к 0.8х1250х2500 19904/08пс1 16523","КГ",18,19.399999999999999,349.2,"450045, г. Уфа, ПАО АНК \"Башнефть\" \"Башнефть-Новойл\""]
["Прочий металлопрокат","ПАО АНК \"Башнефть\" \"Башнефть-Новойл\"",6,99,"Квадрат г/к В-20 Ст3пс","КГ",10,26.38,263.8,"450045, г. Уфа, ПАО АНК \"Башнефть\" \"Башнефть-Новойл\""]
["Прочий металлопрокат","ПАО АНК \"Башнефть\" \"Башнефть-Новойл\"",6,100,"Квадрат г/к В-60 Ст3сп5","КГ",150,24.32,3648,"450045, г. Уфа, ПАО АНК \"Башнефть\" \"Башнефть-Новойл\""]
["Прочий металлопрокат","ПАО АНК \"Башнефть\" \"Башнефть-Новойл\"",6,101,"Квадрат г/к В-60 Ст3сп5","КГ",2330,29.8,69434,"450045, г. Уфа, ПАО АНК \"Башнефть\" \"Башнефть-Новойл\""]
["Прочий металлопрокат","ПАО АНК \"Башнефть\" \"Башнефть-Новойл\"",6,102,"Квадрат г/к В-60 Ст3сп5","КГ",160,27.09,4334.3999999999996,"450045, г. Уфа, ПАО АНК \"Башнефть\" \"Башнефть-Новойл\""]
["Прочий металлопрокат","ПАО АНК \"Башнефть\" \"Башнефть-Новойл\"",6,103,"Квадрат г/к В-60 Ст3сп5","КГ",455,23.11,10515.05,"450045, г. Уфа, ПАО АНК \"Башнефть\" \"Башнефть-Новойл\""]
["Прочий металлопрокат","ПАО АНК \"Башнефть\" \"Башнефть-Новойл\"",6,104,"Круг г/катаный 130 - ст45","Т",0.6,2586.64,1551.9839999999999,"450045, г. Уфа, ПАО АНК \"Башнефть\" \"Башнефть-Новойл\""]
["Прочий металлопрокат","ПАО АНК \"Башнефть\" \"Башнефть-Новойл\"",6,105,"Лента ДПРНМ 0,2х300 НД Л63","КГ",9,919.06,8271.5399999999991,"450045, г. Уфа, ПАО АНК \"Башнефть\" \"Башнефть-Новойл\""]
["Прочий металлопрокат","ПАО АНК \"Башнефть\" \"Башнефть-Новойл\"",6,106,"Лист А6.М 6х1200х3000","КГ",19.28,24.7,476.21600000000001,"450045, г. Уфа, ПАО АНК \"Башнефть\" \"Башнефть-Новойл\""]
["Прочий металлопрокат","ПАО АНК \"Башнефть\" \"Башнефть-Новойл\"",6,107,"Лист х/к 0.8х1250х2500 19904/08пс1 16523","КГ",2350,19.399999999999999,45590,"450045, г. Уфа, ПАО АНК \"Башнефть\" \"Башнефть-Новойл\""]
["Прочий металлопрокат","ПАО АНК \"Башнефть\" \"Башнефть-Новойл\"",6,108,"Лист х/к оц. 0,5х1000х2000 С245","Т",5.6000000000000001E-2,22678.87,1270.0167200000001,"450045, г. Уфа, ПАО АНК \"Башнефть\" \"Башнефть-Новойл\""]
["Прочий металлопрокат","ПАО АНК \"Башнефть\" \"Башнефть-Новойл\"",6,109,"Лист х/к оц. 0,7х1250х2500 08пс","Т",0.01,28922.66,289.22660000000002,"450045, г. Уфа, ПАО АНК \"Башнефть\" \"Башнефть-Новойл\""]
["Прочий металлопрокат","ПАО АНК \"Башнефть\" \"Башнефть-Новойл\"",6,110,"Лист х/к оц.0.55х1250х2500 19904/08пс1","КГ",75,27.81,{"$f":"G114*H114","v":2085.75},"450045, г. Уфа, ПАО АНК \"Башнефть\" \"Башнефть-Новойл\""]
["Прочий металлопрокат","ПАО АНК \"Башнефть\" \"Башнефть-Новойл\"",6,111,"Лист х/к оц.0.6х1250х2500 19904/08пс","КГ",53,19.93,1056.29,"450045, г. Уфа, ПАО АНК \"Башнефть\" \"Башнефть-Новойл\""]
["Прочий металлопрокат","ПАО АНК \"Башнефть\" \"Башнефть-Новойл\"",6,112,"Лист х/к оц.0.8х1250х2500 19904/08пс","КГ",0.95299999999999996,21.19,20.19407,"450045, г. Уфа, ПАО АНК \"Башнефть\" \"Башнефть-Новойл\""]
["Прочий металлопрокат","ПАО АНК \"Башнефть\" \"Башнефть-Новойл\"",6,113,"ОЦ Б-ПН-НО-0,5х1250х2500 ОН-КР-1 ст08кп","Т",9.0999999999999998E-2,34027.449999999997,3096.4979499999995,"450045, г. Уфа, ПАО АНК \"Башнефть\" \"Башнефть-Новойл\""]
["Прочий металлопрокат","ПАО АНК \"Башнефть\" \"Башнефть-Новойл\"",6,114,"Полоса А-1 14х80 С245","Т",0.99399999999999999,34590.93,34383.384420000002,"450045, г. Уфа, ПАО АНК \"Башнефть\" \"Башнефть-Новойл\""]
["Прочий металлопрокат","ПАО АНК \"Башнефть\" \"Башнефть-Новойл\"",6,115,"Проволока арм. 5Вр-1 ГОСТ 6727","КГ",537,24.54,13177.98,"450045, г. Уфа, ПАО АНК \"Башнефть\" \"Башнефть-Новойл\""]
["Прочий металлопрокат","ПАО АНК \"Башнефть\" \"Башнефть-Новойл\"",6,116,"Проволока арм. 5Вр-1 ГОСТ 6727","КГ",968,22,21296,"450045, г. Уфа, ПАО АНК \"Башнефть\" \"Башнефть-Новойл\""]
["Прочий металлопрокат","ПАО АНК \"Башнефть\" \"Башнефть-Новойл\"",6,117,"Проволока арм. 5Вр-1 ГОСТ 6727","КГ",3468,26.7,92595.599999999991,"450045, г. Уфа, ПАО АНК \"Башнефть\" \"Башнефть-Новойл\""]
["Прочий металлопрокат","ПАО АНК \"Башнефть\" \"Башнефть-Новойл\"",6,118,"Проволока СВ-04Х20Н10Г 1,2","КГ",57,8.7200000000000006,497.04,"450045, г. Уфа, ПАО АНК \"Башнефть\" \"Башнефть-Новойл\""]
["Прочий металлопрокат","ПАО АНК \"Башнефть\" \"Башнефть-Новойл\"",6,119,"Проволока СВ-04Х20Н10Г 1,2","КГ",20.5,70.290000000000006,1440.9450000000002,"450045, г. Уфа, ПАО АНК \"Башнефть\" \"Башнефть-Новойл\""]
["Прочий металлопрокат","ПАО АНК \"Башнефть\" \"Башнефть-Новойл\"",6,120,"Проволока СВ-06Х19Н9Т 1.2мм ГОСТ 2246","КГ",62.5,198.07,12379.375,"450045, г. Уфа, ПАО АНК \"Башнефть\" \"Башнефть-Новойл\""]
["Прочий металлопрокат","ПАО АНК \"Башнефть\" \"Башнефть-Новойл\"",6,121,"Прокладка алюмин. 190х180х0.3","ШТ",58,44.73,2594.3399999999997,"450045, г. Уфа, ПАО АНК \"Башнефть\" \"Башнефть-Новойл\""]
["Прочий металлопрокат","ПАО АНК \"Башнефть\" \"Башнефть-Новойл\"",6,122,"Пруток 12 - А-III А500С","Т",0.46400000000000002,19085.55,8855.6952000000001,"450045, г. Уфа, ПАО АНК \"Башнефть\" \"Башнефть-Новойл\""]
["Прочий металлопрокат","ПАО АНК \"Башнефть\" \"Башнефть-Новойл\"",6,123,"Пруток ШГ ЛО62-1 19 ГОСТ 2060","КГ",61,57.66,3517.2599999999998,"450045, г. Уфа, ПАО АНК \"Башнефть\" \"Башнефть-Новойл\""]
["Прочий металлопрокат","ПАО АНК \"Башнефть\" \"Башнефть-Новойл\"",6,124,"Проволока СВ-06Х19Н9Т 1.2мм ГОСТ 2246","КГ",1,198.07,198.07,"450045, г. Уфа, ПАО АНК \"Башнефть\" \"Башнефть-Новойл\""]
["Прочий металлопрокат","ПАО АНК \"Башнефть\" \"Башнефть-Новойл\"",6,125,"Проволока СВ-06Х19Н9Т 1.2мм ГОСТ 2246","КГ",2,198.07,396.14,"450045, г. Уфа, ПАО АНК \"Башнефть\" \"Башнефть-Новойл\""]
["Прочий металлопрокат","ПАО АНК \"Башнефть\" \"Башнефть-Новойл\"",6,126,"Прокладка алюмин. 190х180х0.3","ШТ",2,44.73,89.46,"450045, г. Уфа, ПАО АНК \"Башнефть\" \"Башнефть-Новойл\""]

{"sheet":"Лист1","index":1,"n_rows":0,"n_cols":0,"rows_kept":0,"cut":false,"hidden":false,"merged":[]}